000
00217 a2200097 4500
001
42756
100
_a
Amjad Ali
245
_a
The Muslim World Today
260
_a
Islamabad
_b
National Hijra
_c
090
_c
26647
_d
26647
942
_a
NUST-CAE
_c
M
_c
18499
999
_c
277829
_d
277829